| 000 | 00799nam a22001937a 4500 | ||
|---|---|---|---|
| 005 | 20120131122154.0 | ||
| 008 | 120131s2010 mau|||||r|||| 001 0 eng d | ||
| 082 |
_222 _a622.3382 _bLYO |
||
| 100 |
_911294 _aLyons, William C. |
||
| 245 |
_aWorking guide to reservoir engineering / _cWilliam C. Lyons. |
||
| 260 |
_aBurlington, Mass. : _bGulf Professional, _c2010. |
||
| 300 |
_ax, 316 p. : _bill. ; _c23 cm. |
||
| 504 | _aIncludes bibliographical references and index. | ||
| 650 |
_919804 _aOil reservoir engineering. |
||
| 650 |
_924686 _aGas reservoirs. |
||
| 653 |
_bpet _cJanuary2012 |
||
| 942 |
_2ddc _cBB |
||
| 999 |
_c16353 _d16353 |
||